Ο καφές και η δημοκρατία : διηγήματα

Αποθηκεύτηκε σε:
Λεπτομέρειες βιβλιογραφικής εγγραφής
Κύριος συγγραφέας: Nesin, Aziz
Μορφή: Βιβλίο
Γλώσσα:Greek
Turkish
Δημοσίευση: Αθήνα : Θεμέλιο, [1979]
Σειρά:Σύγχρονη πεζογραφία (Θεμέλιο)
Θέματα:
Ετικέτες: Προσθήκη ετικέτας
Δεν υπάρχουν, Καταχωρήστε ετικέτα πρώτοι!

MARC

LEADER 00000cam a2200000 i 4500
001 1/10348
008 100929s1979 gre d
035 |l 10108981 
040 |a GR-MY-UA  |b gre  |e aacr 
041 1 |a gre  |h tur 
082 0 |a 894.353  |2 (22) 
100 1 |a Nesin, Aziz. 
245 1 2 |a Ο καφές και η δημοκρατία :  |b διηγήματα /  |c Αζίζ Νεσίν ; μετάφραση: Έρμου Αργαίου 
260 |a Αθήνα :   |b Θεμέλιο,   |c [1979] 
300 |a 182 σ.;  |c 19 εκ. 
490 1 |a Σύγχρονη πεζογραφία (Θεμέλιο) 
650 0 0 |a Turkish fiction. 
830 0 |a Σύγχρονη πεζογραφία (Θεμέλιο) 
852 |a INST  |b SYROS  |e 20100929  |h 894.353 NES  |p 005500009594  |q 005500009594  |t BK  |y 0 
901 |a BIBL5-2010-3 
909 |a Ε  |b 160455 
970 |a ΚΟΝΤΟΥ  |b ΠΑΡΑΣΚΕΥΗ  |z 2010/09/29